La diversidad sexual vista por la antropología /
Bewaard in:
| Hoofdauteur: | |
|---|---|
| Formaat: | Onbekend |
| Gepubliceerd in: |
México, D.F.:
Universidad Nacional Autónoma de México. Programa Universitario de Estudios de Género
|
| Onderwerpen: | |
| Tags: |
Voeg label toe
Geen labels, Wees de eerste die dit record labelt!
|
MARC
| LEADER | 00000 a2200000 04500 | ||
|---|---|---|---|
| 001 | 35629 | ||
| 003 | cru CIDCACS/IIS | ||
| 005 | 20200925160355.0 | ||
| 008 | 991231s d | ||
| 020 | |a 970-701-542-X | ||
| 022 | |a 970-701-542-X | ||
| 040 | |c CRAI/IIS |a CRAI/IIS | ||
| 090 | |a 05.03.01 C271s | ||
| 100 | 1 | |a List Reyes, Mauricio |9 4903 | |
| 245 | |a La diversidad sexual vista por la antropología / |c Mauricio List Reyes | ||
| 260 | |a México, D.F.: |b Universidad Nacional Autónoma de México. Programa Universitario de Estudios de Género | ||
| 300 | |a Páginas 97-127 | ||
| 650 | |a SEXUALIDAD | ||
| 650 | |a TRANSEXUALISMO | ||
| 650 | |a IDENTIDAD SEXUAL | ||
| 700 | |a | ||
| 942 | |2 ddc |c LI | ||
| 773 | 0 | |0 406 |9 988 |a Careaga Pérez, Gloria |d México, D.F.: Universidad Nacional Autónoma de México. Programa Universitario de Estudios de Género |o 03450 |t Sexualidades diversas : |w (cru CIDCACS/IIS)35620 |x 970-701-542-X |z 970-701-542-X | |
| 999 | |c 6991 |d 6991 | ||



